| 000 | 00486nam a2200157Ia 4500 | ||
|---|---|---|---|
| 008 | 160316s1991 xxu||||| |||| 00| 0 eng d | ||
| 082 |
_a344.046000 _bCSE |
||
| 100 | _a | ||
| 245 | _aState of India's environment : A citizen's report (3) floods, flood plains and environmental myths | ||
| 250 | _a | ||
| 260 |
_aNew Delhi _bCentre for Science and Environment _c1991 |
||
| 300 |
_a167p _b _c |
||
| 365 | _bRs.150/- | ||
| 650 | _a1.Environment - India - A Citizen's Report | ||
| 700 |
_a _a |
||
| 999 |
_c5078 _d5078 |
||